000 00698nam a2200265Ia 4500
005 20260121165750.0
008 008 260114s9999 xx 000 0 eng d
020 _a9783319413884
037 _aEBOOK
040 _aCRL
040 _beng
040 _cCRL
041 _2eng
041 _aeng
084 _qCRL
100 _aMarnix Jansen, Nicholas A. Wright
_91055763
245 0 _aStem Cells, Pre-neoplasia, and Early Cancer of the Upper Gastrointestinal Tract
260 _bSpringer
260 _bSpringer
260 _c2016
856 _uhttps://link.springer.com/openurl?genre=book&isbn=978-3-319-41388-4
942 _cEBOOK
999 _c1621491
_d1621491